| Tag |
First Indicator |
Second Indicator |
Subfields |
| LEADER |
00000cam a2200000 4500 |
| 001 |
in00000057666 |
| 005 |
20151008050417.0 |
| 008 |
781103s1919 enk 00010 eng |
| 010 |
|
|
|a 19018602
|
| 035 |
|
|
|a (OCoLC)04346197
|
| 035 |
|
|
|9 AAG0882AM
|
| 040 |
|
|
|a DLC
|c BXM
|d TXA
|d UtOrBLW
|
| 049 |
|
|
|a TXAM
|c [13589]
|
| 050 |
0 |
0 |
|a E469
|b .S53
|
| 092 |
|
|
|a 327.73
|b S53a
|
| 100 |
1 |
|
|a Villiers, Brougham,
|d 1863-1939.
|
| 245 |
1 |
0 |
|a Anglo-American relations, 1861-1865 /
|c by Brougham Villiers (pseud.) and W. H. Chesson.
|
| 264 |
|
1 |
|a London :
|b T. F. Unwin, ltd.,
|c [1919]
|
| 300 |
|
|
|a vii, 214 pages, 1 leaf ;
|c 22 cm.
|
| 336 |
|
|
|a text
|b txt
|2 rdacontent
|
| 337 |
|
|
|a unmediated
|b n
|2 rdamedia
|
| 338 |
|
|
|a volume
|b nc
|2 rdacarrier
|
| 651 |
|
0 |
|a United States
|x Foreign relations
|z Great Britain.
|
| 651 |
|
0 |
|a Great Britain
|x Foreign relations
|z United States.
|
| 651 |
|
0 |
|a United States
|x Foreign relations
|y 1861-1865.
|
| 700 |
1 |
|
|a Chesson, W. H.
|q (Wilfrid Hugh)
|
| 999 |
|
|
|a MARS
|
| 999 |
f |
f |
|s 266b2936-f130-391e-a41c-5d9d0d630b52
|i f276cfae-4fc3-3bd4-98b5-1c96aacbe42a
|t 0
|
| 952 |
f |
f |
|p ric
|a Texas A&M University
|b Rellis Campus
|c Joint Library Facility
|d Remote Storage
|t 0
|e E469 .S53
|h Library of Congress classification
|i unmediated -- volume
|m A14800679759
|
| 998 |
f |
f |
|a E469 .S53
|t 0
|l Remote Storage
|